| 000 | 00665nam a2200229Ia 4500 | ||
|---|---|---|---|
| 003 | OSt | ||
| 005 | 20220923220533.0 | ||
| 006 | a|||||r|||| 00| 0 | ||
| 007 | ta | ||
| 008 | 220922b |||||||| |||| 00| 0 hin d | ||
| 024 | _a187,454 | ||
| 037 | _cTextual | ||
| 040 |
_aARTS _cARTS _bhin |
||
| 041 |
_2hin _ahin |
||
| 082 | _aW, 152J6 | ||
| 100 | _aवर्मा, विश्वनाथ प्रसाद | ||
| 245 | 0 | _aराजनीति और धर्म | |
| 246 | _aRājanīti aur dharma | ||
| 260 | _c1956 | ||
| 942 |
_hW, 152J6 _cTEXL _2CC |
||
| 999 |
_c340531 _d340531 |
||